Inverse Problems in Vibration

Αποθηκεύτηκε σε:
Λεπτομέρειες βιβλιογραφικής εγγραφής
Κύριος συγγραφέας: Gladwell, G. M. L.
Μορφή: Βιβλίο
Γλώσσα:English
Δημοσίευση: Dordrecht : Boston : M. Nijhoff, c1986 (1992 Reprind)
Σειρά:Mechanics, dynamical systems ; ; 9
Θέματα:
Ετικέτες: Προσθήκη ετικέτας
Δεν υπάρχουν, Καταχωρήστε ετικέτα πρώτοι!

MARC

LEADER 00000cam a2200000 i 4500
001 1/30888
008 941103s1986 eng d
020 |a 9024734088 
035 |l 10038685 
035 |a 1993  |c ΦΛΕΣΣΑΣ 
040 |a GR-MY-UA  |b gre  |e aacr 
041 0 |a eng 
082 0 |a 531.32  |2 (19) 
100 1 |a Gladwell, G. M. L. 
245 1 0 |a Inverse Problems in Vibration /  |c G.M.L. Gladwell 
260 |a Dordrecht :   |a Boston :   |b M. Nijhoff,   |c c1986 (1992 Reprind) 
300 |a x, 263 p.;  |c 25 cm 
490 1 |a Mechanics, dynamical systems  |v ; 9 
504 |a Bibliography: p. [257]-263 
650 0 0 |a Vibration. 
650 0 0 |a Inverse problems (Differential equations) 
830 0 |a Mechanics, dynamical systems ;  |v ; 9 
852 |a INST  |b SAMOS  |e 19941103  |h 531.32 GLA  |p 005300003294  |q 005300003294  |t BK  |y 0 
909 |a Σ  |b 029743